000 00795cam a2200253 4500
001 sa 68014726
003 DLC
005 20260227112634.0
008 700212s1968 ii 100 0 eng
010 _asa 68014726
025 _aPL480:I-E-10843
040 _aDLC
_cDLC
_dDLC
050 0 0 _aQ180.5
_b.S44 1968
082 0 0 _a507/.2
111 2 _aSeminar on Research Methodology,
_cSardar Patel University,
_d1968.
245 1 0 _aResearch methodology;
_ba symposium.
_cDirector: R. L. Khandelwal.
260 _aVallabh Vidyanagar,
_bSardar Patel University,
_c1968.
300 _a91 p.
_c25 cm.
350 _a4.00
500 _aOrganized by the Sardar Patel University.
650 0 _aResearch.
700 1 _aKhaṇḍelavāla, Rāmeśvara Lāla,
_d1919-
710 2 _aSardar Patel University.
999 _c86000
_d86000